000 00443nam a22001577a 4500
003 OSt
005 20230404131306.0
008 230404b |||||||| |||| 00| 0 eng d
020 _a978-0-19-964493-3
040 _cCML
082 _a415URI
245 _aWAYS OF STRUCTURE BUILDING
_cBY URIBE-ETXEBARRIA, MYRIAM AND VALMALA, VIDAL
260 _aUNITED KINGDOM
_bOXFORD UNIVERSITY PRESS
_c2012
300 _axvii, 423p.
942 _2ddc
_cBK
_k415
_mURI
999 _c4005
_d4005